000 00628nam a2200229Ia 4500
003 OSt
005 20221007072128.0
006 a|||||r|||| 00| 0
007 ta
008 221006b |||||||| |||| 00| 0 eng d
024 _a11,301
037 _cTextual
040 _aFLL
_cFLL
_beng
041 _2eng
_aeng
082 _aV1:28.N8, M8
100 _aBeigbeder Y. Au.
_9690113
245 0 _aThreats to the international civil service
260 _aLondon
_bPinter publishers ltd. London
_c1988
300 _a182p
_ccm.
942 _hV1:28.N8, M8
_cTEXL
_2CC
999 _c1145266
_d1145266